Guía de estudios carreras y planes 1994 : vol. 2 /

Guardado en:
Formato: Libro
Publicado: Buenos Aires : Guías de Estudio, 1993
Etiquetas: Agregar Etiqueta
Sin Etiquetas, Sea el primero en etiquetar este registro!
LEADER 00408nam a22001335a 4500
001 CEM.cems007547
005 20060214000000.0
008 130507s1993##################000#0#####d
003 CEMS
082 0 4 |a 371.425 
245 0 0 |a Guía de estudios carreras y planes 1994 :  |b vol. 2 / 
260 |a Buenos Aires :  |b Guías de Estudio,  |c 1993 
300 |a 254 p. 
859 |a CEMS  |b BIB. CEMS - 11 de abril  |h 371.425  |i G94-2/1994  |p 17638.94  |t Ej.1